000 00639nam a2200205Ia 4500
005 20260121110025.0
008 008 260114s9999 xx 000 0 hin d
020 _a9788132360155
037 _aEBOOK
040 _aCRL
_bhin
_cCRL
041 _ahin
_2hin
084 _qCRL
100 _aकिशोर मिश्र / Kishore Mishra
_9941108
245 0 _aप्रोटीन के कार्य / Protein ke Karya
260 _bभाषा प्रकाशन / Bhasha Prakashan
_c2021
856 _uhttps://bhashaprakashan.com/product-details/382659
942 _cEBOOK
999 _c1532773
_d1532773